00414nam a22001577a 450000500170000000800410001704100080005808200100006610000220007624500660009826000460016430000100021065000140022094200070023499900150024120200522112822.0200522b xxu||||| |||| 00| 0 eng d aeng a345.4 aChopra. G.R95736 aThe All India Reporter1962 (VOL-49) Saatute and articles ref  aBombaybThe All India Reporter Ltd.c1962 a112p. aLaw95701 cBK c6428d6426